|
|
|
|
| LEADER |
00000nam0a2200000 4500 |
| 001 |
186815 |
| 005 |
20231101224021.0 |
| 010 |
|
|
|a 9785982670625
|
| 035 |
|
|
|a (RuTPU)RU\TPU\book\202684
|
| 090 |
|
|
|a 186815
|
| 100 |
|
|
|a 20101103d2010 km y0rusy50 ca
|
| 101 |
0 |
|
|a rus
|
| 102 |
|
|
|a RU
|
| 105 |
|
|
|a y z 000zy
|
| 200 |
1 |
|
|a Практические рекомендации по проектированию систем пожарной безопасности
|f сост. М. М. Бродач
|
| 210 |
|
|
|a Москва
|c АВОК-ПРЕСС
|d 2010
|
| 215 |
|
|
|a 42 с.
|c ил.
|
| 330 |
|
|
|a Данное издание построено в форме вопросов и ответов и предназначено для инженеров-проектировщиков, монтажников и эксплуатационников. Вопросы задавались специалистами на мероприятиях, проводимых НП «АВОК» (XXVI конференция и выставка «Москва - энергоэффективный город», мастер-класс «Системы противодымной вентиляции» и др.). Отвечали на вопросы ведущие эксперты отрасли. Актуальность темы, ориентированность на практическое применение информации, а также удобный формат делают это издание незаменимым для специалистов.
|
| 606 |
1 |
|
|a Пожарная безопасность
|2 stltpush
|3 (RuTPU)RU\TPU\subj\78802
|9 87874
|
| 606 |
1 |
|
|a Отопление
|x Трубопроводы
|x Расчет
|2 stltpush
|3 (RuTPU)RU\TPU\subj\47803
|9 66713
|
| 606 |
1 |
|
|a Трубопроводы пластмассовые
|x Монтаж
|2 stltpush
|3 (RuTPU)RU\TPU\subj\61829
|
| 610 |
1 |
|
|a нормативные требования
|
| 610 |
1 |
|
|a расчет
|
| 610 |
1 |
|
|a дымоудаление
|
| 610 |
1 |
|
|a конструктивные решения
|
| 610 |
1 |
|
|a проектирование
|
| 610 |
1 |
|
|a противопожарные системы
|
| 610 |
1 |
|
|a вопросы
|
| 610 |
1 |
|
|a ответы
|
| 610 |
1 |
|
|a практические рекомендации
|
| 675 |
|
|
|a 614.841.3
|v 4
|
| 702 |
|
1 |
|a Бродач
|b М. М.
|4 220
|
| 801 |
|
1 |
|a RU
|b 63413507
|c 20101103
|
| 801 |
|
2 |
|a RU
|b 63413507
|c 20190614
|g RCR
|
| 942 |
|
|
|c BK
|
| 959 |
|
|
|a 76/20101103
|d 2
|e 440,00
|f АНЛ:1
|f ЧЗТЛ:1
|